LEADER 01276nam a2200277 i 4500 001 000000127556 003 CaOOAMICUS 005 20250825125337.0 008 040621s1964 it u000 u ita u 013 $a100266 040 $aSeMil$bita 100 1 $aDickens, Charles,$d<1812-1870>.$0(OLS)http://semarc/name/6853 240 10$aOliver Twist :$bor, the parish boy's progress.$0(OLS)http://semarc/title/439864 245 10$aOliver Twist. David Copperfield /$cCharles Dickens ; a cura di Arturo Carbonetto. 264 1$aFirenze :$bLa Nuova Italia,$c1964. 300 $aXIII, 340 p., [4] p. di tav. ;$c18 cm. 490 1 $aPrimo scaffale ;$v1 700 1 $aCarbonetto, Arturo.$0(OLS)http://semarc/name/46101 730 42$aThe personal history, adventures, experience and observation of David Copperfield...$0(OLS)http://semarc/title/439863 830 0$aPrimo scaffale ;$v1.$0(OLS)http://semarc/title/14490 850 $aSeMil 852 $aSeMil$W1$xVenegono$y1$m64 30 1 *$j81840$B81840$CSeMilBibl$Z2$F84081 $81 961 $aRecupero: Biblioteca Seminario Liceale 996 $6245$aOliver Twist. David Copperfield$9(OLS)http://semarc/title/188264 996 $6264$aFirenze :$bLa Nuova Italia$9(OLS)http://semarc/publisher/30055 LEADER 01108nam a2200253 i 4500 001 000000075193 003 CaOOAMICUS 005 20110527000000.0 008 110527s1863 it u000 u ita u 013 $a46365 040 $aSeMil$bita 100 1 $aPassavanti, Jacopo,$d<1297-1357>.$0(OLS)http://semarc/name/11072 245 13$aLo specchio della vera penitenza /$cdi Jacopo Passavanti ; nuovamente collazionato sopra testi manoscritti ed a stampa da F.-L. Polidori. 250 $a2. ed. 260 $aFirenze :$bF. Le Monnier,$c1863. 300 $aXVII, 405 p. ;$c22 cm. 490 0 $aBiblioteca nazionale 650 4$aPenitenza - Teologia morale.$0(OLS)http://semarc/subject/3946 700 1 $aPolidori, Filippo Luigi.$0(OLS)http://semarc/name/37149 830 0$aBiblioteca nazionale.$0(OLS)http://semarc/title/33708 850 $aSeMil 852 $aSeMil$W1$xVenegono$y1$m1E IV 2 FA$j41345$B41345$CSeMilBibl$Z2$F41349 $8I 996 $6245$aLo specchio della vera penitenza$9(OLS)http://semarc/title/34322 996 $6260$aFirenze :$bF. Le Monnier$9(OLS)http://semarc/publisher/30243